| 000 | 02329nkm0a2200457 4500 | ||
|---|---|---|---|
| 001 | RU\NLR\BIBL_A\016353199 | ||
| 005 | 20260409062951.0 | ||
| 035 | _a(NLR Aleph) 016353199 | ||
| 090 |
_a13537990 _c13537990 |
||
| 100 | _a20260215 rusy50 | ||
| 101 | 0 | _arus | |
| 102 | _aRU | ||
| 116 | _aiiycxx bf ad | ||
| 135 | _acrcn 024anaba | ||
| 181 | 0 |
_ab4 _bxb2e |
|
| 182 | 0 | _an | |
| 200 | 1 |
_aТеатр миниатюр, Троицкая 18 _eоперетта, пародии, кинематограф и пр. _e[плакат] |
|
| 203 |
_aИзображение _bнеподвижное _bдвухмерное _bвизуальное _cнепосредственное |
||
| 210 |
_aС.П.Б. [Санкт-Петербург] _cТов. Р. Голике и А. Вильборг _d[1910 или 1911] |
||
| 215 |
_a1 л. _cхромолитогр. _d105,5х71,7 |
||
| 325 | _aКопия доступна в Электрон. б-ке РНБ | ||
| 606 | 1 |
_aПлакат театральный _9938906 _3RU\NLR\AUTH\6628365 |
|
| 606 |
_aМаски (театр.) _jПлакаты _3RU\NLR\AUTH\661394586 _92332237 |
||
| 610 | 0 | _aТанцовщицы | |
| 700 | 1 |
_4330 _8rus _7ca _aРемизов-Васильев _bН. В. _cхудожник _f1887-1975 _gНиколай Владимирович _3RU\NLR\AUTH\7789797 _972724 |
|
| 712 | 0 | 2 |
_aТроицкий театр миниатюр _cПетроград _3RU\NLR\AUTH\889919238 _9334601 |
| 712 | 0 | 2 |
_4650 _a"Голике, Р. и Вильборг, А.", товарищество _cПетербург _3RU\NLR\AUTH\8810222039 _9328916 |
| 830 | _aПоступление в РНБ в 1911 г. | ||
| 830 | _aПредполагаемым автором является Ремизов-Васильев Николай Владимирович (1887-1975). | ||
| 852 | 0 | 0 |
_aNLR _bЭ _jАфИс740II/Л452 _mинв.160568 |
| 856 | 0 | _uhttps://vivaldi.nlr.ru/la500001066/view | |
| 856 | 1 | _uhttps://vivaldi.nlr.ru/la500001066/cover | |
| 856 | 2 | _uhttps://vivaldi.nlr.ru/la500001066/text | |
| 942 | _cVISUAL | ||
| 980 | _aNB | ||
| 981 | 1 | 7 |
_a(17) Изографические материалы _b(17) Плакаты |